000 00536nam a2200181 a 4500
005 20140412111228.0
008 010529s19uu xx 00 eng d
020 _a1-57064-079-3
050 _aER
_bBa26 1996
100 _aBernthal, Mark S.
245 _aBarney's: number friends /
_cadapted from a poem by Mark S. Bernthal; illustrated by Darren McKee.
260 _aDrive Allen, Texas :
_bThe Lyons Group,
_c1996.
300 _a1v. (unp.); ill.
440 _aBarney
650 _aNumbers
650 _aCounting
999 _c102084
_d102084